Foreign capital affiliated enterprises in Japan 1977

Đã lưu trong:
Bibliografiske detaljer
Institution som forfatter: Business Intercommunications
Format: Bog
Sprog:Undetermined
Udgivet: Tokyo Business Intercommunications 1977
Fag:
Tags: Tilføj Tag
Ingen Tags, Vær først til at tagge denne postø!
Thư viện lưu trữ: Trung tâm Học liệu Trường Đại học Cần Thơ
LEADER 00582nam a2200205Ia 4500
001 CTU_98414
008 210402s9999 xx 000 0 und d
082 |a 338.8 
082 |b B979 
110 |a Business Intercommunications 
245 0 |a Foreign capital affiliated enterprises in Japan 1977 
245 0 |c Business Intercommunications 
260 |a Tokyo 
260 |b Business Intercommunications 
260 |c 1977 
650 |a Investments, foreign 
650 |x Statistics 
650 |z Japan 
904 |i Giang 
980 |a Trung tâm Học liệu Trường Đại học Cần Thơ